书目信息 |
| 题名: |
数字地形图测绘原理与方法
|
|
| 作者: | 徐文兵 , 赵红 主编 | |
| 分册: | ||
| 出版信息: | 北京 中国原子能出版社 2020.10 |
|
| 页数: | 253页 | |
| 开本: | 26cm | |
| 丛书名: | ||
| 单 册: | ||
| 中图分类: | P217 | |
| 科图分类: | ||
| 主题词: | 数字地图--shu zi di tu--测绘--高等学校--教材 | |
| 电子资源: | ||
| ISBN: | 978-7-5221-1045-5 | |
| 000 | 01035nam0 2200265 450 | |
| 001 | CAL 0120217267911 | |
| 005 | 20230217093112.0 | |
| 010 | @a978-7-5221-1045-5@dCNY78.00 | |
| 100 | @a20211020d2020 em y0chiy0120 ea | |
| 101 | 0 | @achi |
| 102 | @aCN@b110000 | |
| 105 | @aak a 000yy | |
| 106 | @ar | |
| 200 | 1 | @a数字地形图测绘原理与方法@Ashu zi di xing tu ce hui yuan li yu fang fa@f徐文兵, 赵红主编 |
| 210 | @a北京@c中国原子能出版社@d2020.10 | |
| 215 | @a253页@c图@d26cm | |
| 320 | @a有书目 (第252-253页) | |
| 330 | @a本书内容共分11章, 主要包括绪论、测量基础知识、测量误差基础知识、水准测量、角度测量、距离测量、全站仪与卫星定位系统、控制测量、大比例尺数字地形图测绘、地形图的应用和无人机大比例尺地形图测绘。 | |
| 333 | @a浙江省普通高校“十三五”新形态教材 普通高校测绘工程专业核心课程规划教材 | |
| 606 | 0 | @a数字地图@Ashu zi di tu@x测绘@x高等学校@j教材 |
| 690 | @aP217@v5 | |
| 701 | 0 | @a徐文兵@Axu wen bing@4主编 |
| 701 | 0 | @a赵红@Azhao hong@4主编 |
| 801 | 0 | @aCN@bBJXHZP@c20230228 |
| 905 | @b1386845-8@dP217@e372@f4 | |
| 数字地形图测绘原理与方法/徐文兵, 赵红主编.-北京:中国原子能出版社,2020.10 |
| 253页:图;26cm |
| 使用对象:浙江省普通高校“十三五”新形态教材 普通高校测绘工程专业核心课程规划教材 |
| ISBN 978-7-5221-1045-5:CNY78.00 |
| 本书内容共分11章, 主要包括绪论、测量基础知识、测量误差基础知识、水准测量、角度测量、距离测量、全站仪与卫星定位系统、控制测量、大比例尺数字地形图测绘、地形图的应用和无人机大比例尺地形图测绘。 |
| ● |
| 相关链接 |
|
|
|
|
正题名:数字地形图测绘原理与方法
索取号:P217/372
 
预约/预借
| 序号 | 登录号 | 条形码 | 馆藏地/架位号 | 状态 | 备注 |
| 1 | 1386845 | 213868457 | 第二样本阅览室/ [索取号:P217/372] | 在馆 | |
| 2 | 1386846 | 213868466 | 第三借阅区/ [索取号:P217/372] | 在馆 | |
| 3 | 1386847 | 213868475 | 第三借阅区/ [索取号:P217/372] | 在馆 | |
| 4 | 1386848 | 213868484 | 第三借阅区/ [索取号:P217/372] | 在馆 |